| 000 | 00691nam a2200217Ia 4500 | ||
|---|---|---|---|
| 001 | 9460 | ||
| 003 | GE_BSU | ||
| 008 | 181216s||||||||xx |||||||||||||| ||und|| | ||
| 040 | _cGE_BSU | ||
| 080 | _a821.353.1–1+821.353.1-11 | ||
| 100 | _aმელია,იაკობ | ||
| 245 | _aმამულის კვამლი | ||
| 245 | _bპოემა და ლექსები | ||
| 245 | _cრედ.ც.წუწუნავა.მხატვ.შ.ხოლუაშვილი | ||
| 260 | _aბათუმი | ||
| 260 | _bსახელგამი | ||
| 260 | _c1959 | ||
| 300 | _a166გვ.18მ. | ||
| 653 | _aმამულის კვამლი | ||
| 942 | _cBK | ||
| 999 |
_c42754 _d42754 |
||